LEADER 01515nam 2200337Ia 450 001 996384514403316 005 20221108084718.0 035 $a(CKB)4940000000072821 035 $a(EEBO)2248506079 035 $a(OCoLC)11132403 035 $a(EXLCZ)994940000000072821 100 $a19840908d1646 uy | 101 0 $aeng 135 $aurbn||||a|bb| 200 10$aTwo ordinances of the Lords and Commons assembled in Parliament$b[electronic resource] $ethe first for the appointing the house of Sr Richard Gurnie, late lord major of the city of London, scituate in the Old Jury for the use of the trustees and contractors &c. for the sale of the bishops-lands; the second for the alteration and explanation of the oath formerly appointed to be taken by the surveyors of the bishops-lands and for the better enabling of the trustees for bishops lands named in the former ordinances to discharge the trust in them reposed 210 $aLondon $cPrinted by R. Cotes for John Bellamy$d1646 215 $a6 p 300 $aOrdinances dated: 28 Novembris, 1646 and 24 Decembris, 1646 respectively. 300 $aReproduction of original in the Harvard University Library. 330 $aeebo-0062 606 $aChurch lands$zEngland 615 0$aChurch lands 801 0$bUMI 801 1$bUMI 801 2$bm/c 801 2$bUMI 801 2$bWaOLN 906 $aBOOK 912 $a996384514403316 996 $aTwo ordinances of the Lords and Commons assembled in Parliament$92299709 997 $aUNISA LEADER 02078oam 2200541 450 001 9910709770203321 005 20180622095246.0 035 $a(CKB)5470000002472543 035 $a(OCoLC)896811294 035 $a(OCoLC)995470000002472543 035 $a(EXLCZ)995470000002472543 100 $a20141123d1993 ua 0 101 0 $aeng 135 $aurbn||||||||| 181 $ctxt$2rdacontent 182 $cc$2rdamedia 183 $acr$2rdacarrier 200 10$aStratigraphy of the Upper Cretaceous Fox Hills sandstone and adjacent parts of the Lewis shale and Lance formation, east flank of the Rock Springs Uplift, southwest Wyoming /$fby Henry W. Roehler 210 1$aWashington :$cU.S. Department of the Interior, U.S. Geological Survey,$d1993. 215 $a1 online resource (v, 57 pages) $cillustrations, maps +$e5 plates 225 1 $aU.S. Geological Survey professional paper ;$v1532 300 $a"Description of three of/lapping barrier shorelines along the western margins of the interior seaway of North America." 320 $aIncludes bibliographical references (pages 40-41). 606 $aGeology, Stratigraphic$yCretaceous 606 $aGeology$zWyoming 606 $aCretaceous Geologic Period$2fast 606 $aGeology$2fast 606 $aGeology, Stratigraphic$2fast 607 $aFox Hills Formation 607 $aUnited States$zFox Hills Formation$2fast 607 $aWyoming$2fast 615 0$aGeology, Stratigraphic 615 0$aGeology 615 7$aCretaceous Geologic Period. 615 7$aGeology. 615 7$aGeology, Stratigraphic. 700 $aRoehler$b Henry W.$01392979 712 02$aGeological Survey (U.S.), 801 0$bCOP 801 1$bCOP 801 2$bOCLCO 801 2$bOCLCF 801 2$bOCLCA 801 2$bGPO 906 $aBOOK 912 $a9910709770203321 996 $aStratigraphy of the Upper Cretaceous Fox Hills sandstone and adjacent parts of the Lewis shale and Lance formation, east flank of the Rock Springs Uplift, southwest Wyoming$93524798 997 $aUNINA